Le Top 15 des fortunes mondiales - Statistiques

Statistiques générales
  • Ce quiz a été pris 51 fois
  • Le résultat moyen est 5 sur 15
Statistiques - réponses
Fortune en
Milliards de
dollars
Milliardaire % Correct
289 Elon Musk
100%
248 Bernard Arnault
89%
235 Jeff Bezos
80%
168 Bill Gates
68%
195 Mark Zuckerberg
59%
145 Warren Buffett
34%
182 Larry Page
16%
140 Carlos Slim Helù
11%
150 Larry Ellison
11%
155 Steve Balmer
9%
178 Sergey Brin
7%
175 Mukesh Ambani
5%
130 Mickael Bloomberg
2%
220 Gautam Adani
0%
135 Zhong Shanshan
0%
Aucun quiz correspondant
Distribution des résultats
% des personnes avec chaque résultat
Percentile par nombre de réponses
Votre historique - résultats
Vous n’avez pas pris ce quiz